000 00409nam a2200181Ia 4500
005 20250603144611.0
008 250603s9999 xx 000 0 und d
020 _a9781475746907
050 _aTH 437 .R88/
100 _aRuegg, Rosalie T
245 0 _aBuilding economics
260 _aNew York
260 _bSpringer Science
260 _c1990
300 _a486 p
650 _aNew York
942 _cBK
999 _c39400
_d39400